000
00313nam a22001457a 4500
003
OSt
020
_a
8188458775
040
_c
0
082
_2
22
_a
574.5
100
_a
Dhameja, Suresh K.
245
_a
Environmental studies /
260
_b
New Delhi
_c
c 2011
300
_a
406 p, ;
_b
NA.
_c
24 cm.
942
_2
ddc
_c
GEN
999
_c
4850
_d
4850